000 00377nam a22001577a 4500
003 OSt
005 20231206113352.0
008 231004b |||||||| |||| 00| 0 eng d
020 _a8187134674
040 _cIIMT UNIVERSITY
100 _aA. GHOSAL
245 _aGENERAL AND PHYSICAL CHEMISTRY
260 _aKOLKATA
_bBOOKS AND ALLIED
_c2019
300 _a319
942 _2ddc
_c02
999 _c57252
_d57252